书目信息 |
| 题名: |
英汉水利水电工程词典
|
|
| 作者: | ;《英汉水利水电工程词典》编写组 编 | |
| 分册: | ||
| 出版信息: | 北京 水利电力出版社 1981.2 |
|
| 页数: | 1038页 | |
| 开本: | 20cm | |
| 丛书名: | ||
| 单 册: | ||
| 中图分类: | T-61:H31 | |
| 科图分类: | ||
| 主题词: | 工业技术 | |
| 电子资源: | ||
| ISBN: | ||
| 000 | 00675nam0 2200205 45 | |
| 001 | 0312221749 | |
| 005 | 20040922084651.3 | |
| 010 | @dCNY5.70 | |
| 091 | @a15047.4001 | |
| 100 | @a20031222d1981 km y0chiy0120 ea | |
| 101 | @achi | |
| 105 | @a z 000yy | |
| 200 | 1 | @a英汉水利水电工程词典@AYing Han Shui Li Shui Dian Gong Cheng Ci Dian@f《英汉水利水电工程词典》编写组编@F《Ying Han Shui Li Shui Dian Gong Cheng Ci Dian》Bian Xie Zu Bian |
| 210 | @a北京@c水利电力出版社@d1981.2 | |
| 215 | @a1038页@d20cm | |
| 606 | 0 | @a工业技术 |
| 690 | @aT-61:H31@v3 | |
| 711 | 02 | @a《英汉水利水电工程词典》编写组@4编 |
| 801 | @aCN@bTSTCL@c20031222 | |
| 905 | @dT-61:H31@e12@f2@b175450-451 | |
| 英汉水利水电工程词典/《英汉水利水电工程词典》编写组编.-北京:水利电力出版社,1981.2 |
| 1038页;20cm |
| ISBN :CNY5.70 |
| ● |
| 相关链接 |
|
|
|
|
正题名:英汉水利水电工程词典
索取号:T-61:H31/12
 
预约/预借
| 序号 | 登录号 | 条形码 | 馆藏地/架位号 | 状态 | 备注 |
| 1 | 0155268 | 001863059 | 密集书库/ [索取号:T-61:H31/12] | 在馆 | |
| 2 | 0175070 | 000558373 | 第二样本阅览室/ [索取号:T-61:H31/12] | 在馆 | |
| 3 | 0175449 | 000882290 | 工具书阅览室/ [索取号:T-61:H31/12] | 在馆 | |
| 4 | 0175450 | 000558364 | 密集书库/ [索取号:T-61:H31/12] | 在馆 | |
| 5 | 0175451 | 000558355 | 密集书库/ [索取号:T-61:H31/12] | 在馆 |